| 000 | 01142nam a2200265 i 4500 | ||
|---|---|---|---|
| 001 | 53893 | ||
| 003 | ES-MaACL | ||
| 005 | 20230906162841.0 | ||
| 007 | t| | ||
| 008 | 940301m18761882sp b |||| | spa d | ||
| 080 | _a910.4(265)"15/16" | ||
| 080 | _a929 Queiros, Pedro Fernandes de | ||
| 100 | 1 |
_aZaragoza, Justo. _9118032 |
|
| 245 | 1 | 0 |
_aHistoria del descubrimiento de las regiones austriales [sic] hecho por Pedro Fernández de Quirós / _cpublicada por Justo Zaragoza. |
| 260 |
_aMadrid : _b[s.n.], _c1876-1882 ( _fImp. de Manuel G. Hernández) |
||
| 300 |
_a3 v. (402 ; 428 ; 158 p.) : _bmapas ; _c23 cm. |
||
| 490 | 1 |
_aBiblioteca hispano-ultramarina ; _v1, 4, 6. Viajes de Quirós |
|
| 530 | _aDisponible en formato digital. | ||
| 600 | 1 | 4 |
_aQueirós, Pedro Fernandes de. _9153694 |
| 651 | 4 |
_aPacífico- _xDescubrimientos y exploraciones- _xEspañoles. _9155865 |
|
| 830 | 1 |
_aBiblioteca hispano-ultramarina ; _v1, 4, 6. Viajes de Quirós _9182475 |
|
| 852 | 4 |
_aES-MaACL _jR-3074-76 _x Olim:B-4880-82 |
|
| 856 | 4 |
_uhttp://bdh-rd.bne.es/viewer.vm?id=0000022803&page=1 _zBiblioteca Digital Hispánica |
|
| 999 |
_c53893 _d53893 |
||